书目信息 |
| 题名: |
几何实用习题集
|
|
| 作者: | 卡斯齐娜 著 ;管承仲 译 | |
| 分册: | ||
| 出版信息: |
|
|
| 页数: | 148页 | |
| 开本: | 19cm | |
| 丛书名: | ||
| 单 册: | ||
| 中图分类: | O123-44 | |
| 科图分类: | ||
| 主题词: | 初等数学 | |
| 电子资源: | ||
| ISBN: | ||
| 000 | 00554nam0 2200193 450 | |
| 001 | 0755351514 | |
| 005 | 20070803094531.17 | |
| 010 | @dCNY0.40 | |
| 091 | @a7150.1375 | |
| 100 | @a20070802d km y0chiy0120 ea | |
| 101 | 0 | @achi |
| 200 | 1 | @a几何实用习题集@Aji he shi yong xi ti ji@f卡斯齐娜著@Fka si qi na zhu@g管承仲译@Gguan cheng zhong yi |
| 215 | @a148页@d19cm | |
| 606 | 0 | @a初等数学 |
| 690 | @aO123-44@v3 | |
| 701 | 0 | @a卡斯齐娜@Aka si qi na@4著 |
| 702 | 0 | @a管承仲@Aguan cheng zhong@4译 |
| 801 | 0 | @aCN@bPFT@c20070803 |
| 905 | @a10447@dO123-44@e67 | |
| 几何实用习题集/卡斯齐娜著/管承仲译 |
| 148页;19cm |
| ISBN :CNY0.40 |
| ● |
| 相关链接 |
|
|
|
|
正题名:几何实用习题集
索取号:O123-44/67
 
预约/预借
| 序号 | 登录号 | 条形码 | 馆藏地/架位号 | 状态 | 备注 |
| 1 | 0790753 | 207907531 | 第二样本阅览室/ [索取号:O123-44/67] | 在馆 |